000 00693nam a2200205 i 4500
001 142280
003 ES-MaACL
005 20250507063021.0
007 t|
008 071004s1984 sp |||| | spa d
100 1 _aVilla Gil, Luis Enrique de la,
_d1935-
_9114883
245 1 0 _aMateriales para el estudio del sindicato /
_cLuis Enrique de la Villa Gil.
250 _a2ยช ed. aum.
260 _a[Madrid] :
_bInstituto de Estudios Laborales y de la Seguridad Social,
_c1984.
300 _a1216 p. ;
_c25 cm.
650 0 4 _aSindicatos.
_917116
710 2 _aInstituto de Estudios Laborales y de la Seguridad Social.
_94915
852 _aES-MaACL
_jL-7191
999 _c142280
_d142280